| 000 | 00580nam a22002057a 4500 | ||
|---|---|---|---|
| 005 | 20240305085008.0 | ||
| 008 | 230119b |||||||| |||| 00| 0 eng d | ||
| 020 | _a9781444174496 (pbk) | ||
| 020 | _a144474495 (pbk) | ||
| 040 |
_aKMU _cKMU |
||
| 050 | _aHD 62.5 Hug 2013 | ||
| 100 | _aHughes,Vera | ||
| 245 |
_aStart a Successful Small Business: _b/ _cVera Hughes and David Weller. |
||
| 250 | _aRevised Edition. | ||
| 260 |
_aUK: _bHolder and Stoughton, _c2013. |
||
| 300 |
_a289 pages.: _bill.; _c19cm. |
||
| 650 | _aBusiness. | ||
| 700 | _aWeller,David. | ||
| 942 |
_2lcc _cBK _n0 |
||
| 999 |
_c133 _d133 |
||